000 02117nam a22003497a 4500
001 103502
003 KnowledgeUnlatched
005 20210303105119.0
006 m o d
007 cr u||||||||||
008 210129p20182019gw o u00| u ger d
037 _5BiblioBoard
245 0 0 _aPfade in die Krise
_bDer Einfluss des Faktors Familie auf die Genese und Dynamik strategischer Pfadabhängigkeit in Familienunternehmen /
_cThomas Treiber.
020 _a9783737008358
029 1 _ahttps://library.biblioboard.com/ext/api/media/5057b685-250e-4436-b959-6cad662a1777/assets/thumbnail.jpg
040 _aScCtBLL
_cScCtBLL
100 1 _aTreiber, Thomas
_eauthor.
264 1 _bVandenhoeck & Ruprecht,
300 _a1 online resource (457 p.)
506 0 _aAccess copy available to the general public.
_fUnrestricted
_2star
520 _a"Why is it so diffcult for companies like Schlecker to leave once chosen paths of strategic development at the right time, and to rearrange their strategies when faced with new environmental challenges? This paper shows with a perspective on organizational path dependence theory how economic und social mechanisms might favour the reproduction of established strategies - and at the same time complicate leaving the strategical development paths even more. The part of familial influence on decision processes is researched and the factor of family in the formation of strategic path dependence is inquired based on qualitative case studies."
588 0 _aDescription based on print version record.
590 _aKU Open Services
650 7 _aBusiness & Economics / Economics
_2bisacsh
650 0 _aEconomics
655 0 _aElectronic books.
758 _iIs found in:
_aKnowledge Unlatched
_1https://openresearchlibrary.org/module/2774bc74-146a-484f-a7ba-ab1d6a09bbfb
856 4 0 _uhttps://openresearchlibrary.org/content/5057b685-250e-4436-b959-6cad662a1777
_zView this content on Open Research Library.
_70
999 _c33641
_d33641